000 00564nam a22001937a 4500
008 140523b xxu||||| |||| 00| 0 ger d
020 _a3502250294
041 0 _ager
080 _a796.4
100 _aHerkert, Rolf;
245 1 0 _aDie 90 Sekunden Pause :
_cRolf Herkert;
260 _aMunchen ;
_bIntegral Verlag,
_c1993.
260 _aWien ;
_bScherz Verlag,
_c1998.
300 _a128 f.:
_bme il.;
_c20 cm.
500 _aLiteratur: f. 124-125
650 0 _aGjimnastika
650 0 _aAkrobacia
942 _2udc
_cBK
999 _c463
_d463